000 00552nam a2200193Ia 4500
008 131103s9999 xx 000 0 und d
020 _a060033983 7
040 _aLoreto College
041 _aEnglish
082 _a551.4/SMI
_bLCLIB/25073
100 _aSmith,Alec J.
245 _aGeology
_cAlec J. Smith
260 _aLondon
_bHamlyn
_c1974
300 _a125 p.
_b ill., dia., pictures
_c 18 cm.
504 _aIncludes bibliographical references and index
650 _aGeology -
651 _aGeology - Geomorphology - Hydrology -
942 _cBK
999 _c885
_d51364